<?xml version="1.0" encoding="UTF-8"?><collection xmlns="info:lc/xmlns/marcxchange-v2"><record format="Unimarc" type="bibliographic"><leader>00498nam  2200169   450 </leader><controlfield tag="001">2106966</controlfield><controlfield tag="003">http://id.bnportugal.gov.pt/bib/porbase/2106966</controlfield><datafield ind1=" " ind2=" " tag="010"><subfield code="a">0-19-502182-7</subfield></datafield><datafield ind1=" " ind2=" " tag="035"><subfield code="a">UALLC_BC_126.iso/16-03-2009/2111</subfield></datafield><datafield ind1=" " ind2=" " tag="100"><subfield code="a">19950511d19769999k  y0pory0103    ba</subfield></datafield><datafield ind1="0" ind2=" " tag="101"><subfield code="a">eng</subfield></datafield><datafield ind1=" " ind2=" " tag="102"><subfield code="a">US</subfield></datafield><datafield ind1="1" ind2=" " tag="200"><subfield code="a">Tom Paine in revolutionary America</subfield><subfield code="f">Eric Foner</subfield></datafield><datafield ind1=" " ind2=" " tag="210"><subfield code="a">New York</subfield><subfield code="c">Oxford University Press</subfield><subfield code="d">cop. 1976</subfield></datafield><datafield ind1=" " ind2=" " tag="215"><subfield code="a">326 p.</subfield><subfield code="d">21 cm</subfield></datafield><datafield ind1=" " ind2=" " tag="675"><subfield code="a">973</subfield><subfield code="v">BN</subfield><subfield code="z">por</subfield></datafield><datafield ind1=" " ind2="1" tag="700"><subfield code="a">Foner</subfield><subfield code="b">Eric</subfield><subfield code="4">070</subfield></datafield><datafield ind1=" " ind2="0" tag="801"><subfield code="a">PT</subfield><subfield code="b">UALLC</subfield><subfield code="g">RPC</subfield></datafield></record></collection>